Tax evasion in selected EU countries

Odhad úniku dane z pridanej hodnoty v EÚ - podľa špecifických skupín krajín: severná Európa, západná Európa, južná Európa, centrálna Európa, baltský región, Vyšehradská štvorka.

Salvato in:
Dettagli Bibliografici
Autore principale: Rabatinová, Marcela, 1977-
Natura: Capitolo di libro
Lingua:inglese
Soggetti:
Tags: Aggiungi Tag
Nessun Tag, puoi essere il primo ad aggiungerne!!

MARC

LEADER 00000naa$a2200000$$$4500
001 0227125
005 20240502083609.8
041 0 |a eng 
044 |a PL 
245 1 0 |a Tax evasion in selected EU countries  |c Marcela Rabatinová 
520 |a Odhad úniku dane z pridanej hodnoty v EÚ - podľa špecifických skupín krajín: severná Európa, západná Európa, južná Európa, centrálna Európa, baltský región, Vyšehradská štvorka. 
610 2 0 |a únik daňový 
610 2 0 |a Európska únia 
610 2 0 |a dane z hodnoty pridanej 
610 2 0 |a porovnanie štatistické medzinárodné 
100 1 |a Rabatinová, Marcela, 1977-